1351 1445 1295 1851 1188 1306 1085 1504 1144 1331 1130 1977 1901 1010 1566 1699 1512 1280 1563 1744 1442 1816 1588 1897 1692 1387 1759 1243 1343 1824 1675 1826 1667 1994 1236 1982 1787 1205 1116 1107 1330 1631 1858 1749 1128 1109 1095 1990 1040 1993 1721 1955 1771 1883 1262 1696 1485 1682 1201 1544 1004 1131 1589 1863 1104 1906 1829 1332 1019 1486 1204 1874 1508 1032 1987 1038 1229 1090 1290 1448 1809 1219 1213 1236 1767 1514 1904 1660 1944 1120 1268 1922 1328 1315 1966 1013 1116 1411 1785 BCNSPRNW ULIB Ver.6.0+V

เปลี่ยนเป็นภาษาไทย

Change to English
 แสดงรายละเอียดบรรณานุกรม
  กลับหน้าหลัก

Brief Record : Get Marc (ISO 2709) : E-mail record : QR code < ปิดหน้าต่าง
LEADER : 00000nam 2200000uu 4500
001    13399123377
003     ULIB
008    140901s2539||||th 000 0 tha d
099    วพ WP870^bอ556ค
100 0  อัคนี วันชัย
245 00 ความทุกข์ทรมานและปัจจัยที่มีอิทธิพลต่อความทุกข์ทรมานในผู้ป่วยหลังผ่าตัดเต้านม/^cอัคนี วันชัย
260    เชียงใหม่ :^bมหาวิทยาลัยเชียงใหม่,^c2539
300    101 หน้า
502    วิทยานิพนธ์ (พย.ม.)สาขาการพยาบาลอายุรศาสตร์และศัลยศาสตร์ มหาวิทยาลัยเชียงใหม่,2539
650  0 ความทุกข์ทรมาน
650  0 ผ่าตัดเต้านม
945    ^p0^l0^i009568
999    ^aเกษร โพธิ์สุวรรณ
รายการนี้ยังไม่มีแท็ก
คุณยังไม่ได้ล็อกอิน คุณสามารถมีกิจกรรมร่วมกับเว็บไซต์ได้ แต่ต้องล็อกอินก่อน ::
  ล็อกอิน

รายการสื่อสารสนเทศ

ลำดับที่ ประเภท เลขเรียก/บาร์โค้ด สถานที่ สถานะ
1. วิทยานิพนธ์
วิทยานิพนธ์
วพ WP870 อ556ค ฉ.1 
  Barcode: 009568
ห้องสมุดวิทยาเขตสวรรค์ประชารักษ์
► วิทยานิพนธ์
บนชั้น

รายการใกล้เคียง
    หัวเรื่อง [ผ่าตัดเต้านม]

BibComment


ยังไม่เคยถูกคอมเมนท์

คอมเมนท์ทรัพยากรรายการนี้
  คอมเมนท์: ความทุกข์ทรมานและ..


 Copyright 2026. Bcnsprnw @Library